| 000 | 00440nam a2200157Ia 4500 | ||
|---|---|---|---|
| 005 | 20250822170810.0 | ||
| 008 | 250822s9999||||xx |||||||||||||| ||und|| | ||
| 100 | _aSafa, Helen | ||
| 245 | 0 | _aEconomic restructuring and gender subordination | |
| 300 | _ap. 32-50 | ||
| 650 | _aDESARROLLO ECONOMICO | ||
| 650 | _aROLES SEXUALES | ||
| 651 | _aAMERICA LATINA | ||
| 773 | _aLatin American perspectives Vol. 22 No. 2 (1995) | ||
| 942 | _tMJCh | ||
| 999 |
_c10742 _d10742 |
||